000 00327nam a22001337a 4500
008 230620b xxu||||| |||| 00| 0 eng d
020 _a0742532542
082 _a321.80
_bJOD 1994
245 _aJournal of Democracy
260 _aUSA
_bThe John Hopkins University Press
_c1994
300 _a160p
440 _v5
942 _2ddc
_cBK
999 _c1684
_d1684